000 00373 a2200169 4500
001 184570
020 _a85-262-2731-9
040 _cMagnum
100 _aLima, Edy
240 1 0 _aPai sabe tudo e muito mais
_lpor
245 1 0 _aPai sabe tudo e muito mais
300 _a23
362 0 _a2000
440 1 _aScipione
697 _aLITERATURA INFANTO-JUVENIL
942 _cBK
999 _c184570
_d184570